ABN Amro (Rotterdam Open) ATP Tennis Winners - Statistics

General Stats
  • This quiz has been taken 11 times
  • The average score is 30 of 55
Answer Stats
Year Country Winner % Correct
2024 Italy Jannik Sinner
100%
2018 Switzerland Roger Federer
100%
2012 Switzerland Roger Federer
100%
2005 Switzerland Roger Federer
100%
2021 Russia Andrey Rublev
91%
2025 Spain Carlos Alcaraz
91%
2023 Russia Daniil Medvedev
91%
2022 Canada Félix Auger-Aliassime
91%
1984 United States Jimmy Connors
91%
1981 United States Jimmy Connors
91%
1978 United States Jimmy Connors
91%
2026 Australia Alex de Minaur
82%
2009 United Kingdom Andy Murray
82%
1979 Sweden Björn Borg
82%
2020 France Gaël Monfils
82%
2019 France Gaël Monfils
82%
1984 Czechoslovakia Ivan Lendl
82%
2015 Switzerland Stan Wawrinka
82%
1982 Argentina Guillermo Vilas
73%
2013 Argentina Juan Martín del Potro
73%
2004 Australia Lleyton Hewitt
73%
1988 Sweden Stefan Edberg
73%
1987 Sweden Stefan Edberg
73%
2014 Czech Republic Tomáš Berdych
73%
1992 Germany Boris Becker
64%
1996 Croatia Goran Ivanišević
64%
2017 France Jo-Wilfried Tsonga
64%
2011 Sweden Robin Söderling
64%
2010 Sweden Robin Söderling
64%
1999 Russia Yevgeny Kafelnikov
64%
1976 United States Arthur Ashe
55%
1975 United States Arthur Ashe
55%
1972 United States Arthur Ashe
55%
1997 Netherlands Richard Krajicek
45%
1995 Netherlands Richard Krajicek
45%
2000 France Cédric Pioline
36%
2007 Russia Mikhail Youzhny
36%
2006 Czech Republic Radek Štěpánek
36%
1974 Netherlands Tom Okker
36%
2003 Belarus Max Mirnyi
27%
1994 Germany Michael Stich
27%
2016 Slovakia Martin Kližan
18%
1985 Czechoslovakia Miloslav Mečíř
18%
1990 United States Brad Gilbert
9%
1983 United States Gene Mayer
9%
2008 France Michaël Llodra
9%
2002 France Nicolas Escudé
9%
2001 France Nicolas Escudé
9%
1991 Italy Omar Camporese
9%
1993 Sweden Anders Järryd
0%
1977 United States Dick Stockton
0%
1980 Switzerland Heinz Günthardt
0%
1989 Switzerland Jakob Hlasek
0%
1998 Netherlands Jan Siemerink
0%
1986 Sweden Joakim Nyström
0%
No matching quizzes found
Score Distribution
Percent of People with Each Score
Percentile by Number Answered
Your Score History
You have not taken this quiz